[Event "1. liga V 24/25, Duras-Hostalkova"]
[Site ""]
[Date "2025.01.05"]
[Round "5.4"]
[White "Slovak, Kilian"]
[Black "Vyskocil, Neklan"]
[Result "1-0"]
[WhiteFideId "365440"]
[BlackFideId "307106"]
[WhiteElo "2295"]
[BlackElo "2260"]
[PlyCount "0"]
[WhiteTeam "Sachy Hostalkova"]
[BlackTeam "Duras Charlie's Street Brno"]
[EventDate "2024.10.20"]

1. e4 c5 2. Nf3 Nc6 3. d4 cxd4 4. Nxd4 e5 5. Nb5 d6 6. N1c3 a6 7. Na3 Be6 8.
Nc4 Rb8 9. a4 Nb4 10. Nd5 Nxd5 11. exd5 Bf5 12. Bd3 Bxd3 13. Qxd3 Nf6 14. O-O
Be7 15. Ne3 g6 16. a5 O-O 17. c4 Nd7 18. b4 f5 19. f3 Bf6 20. Ra2 Re8 21. Qe2
Rc8 22. Rd1 Bg5 23. Nf1 Bxc1 24. Rxc1 Qh4 25. Rac2 Nf6 26. Qf2 Qxf2+ 27. Kxf2
Kf7 28. h3 f4 29. Nd2 e4 30. fxe4 Nxe4+ 31. Nxe4 Rxe4 32. Kf3 Re3+ 33. Kxf4 Rb3
34. Ke4 Rxb4 35. Kd3 Ra4 36. Re2 Rc7 37. Re6 Rxa5 38. Rxd6 Rac5 39. Rb6 Rxd5+
40. cxd5 Rxc1 41. Rxb7+ Kf6 42. Kd4 Rg1 43. g4 h5 44. Rb6+ Ke7 45. Rxg6 hxg4
46. Rxg4 Rh1 47. h4 Kd6 48. Rg6+ Kc7 49. Rc6+ Kb7 50. Rh6 a5 51. Kc5 a4 52.
Rh7+ Kb8 53. d6 Kc8 54. h5 a3 55. Ra7 Rc1+ 56. Kd5 Rd1+ 57. Ke6 Re1+ 58. Kf6
Rd1 59. Rxa3 Rxd6+ 60. Ke7 Rd7+ 61. Ke6 Rd1 62. Rh3 Re1+ 63. Kf5 Kd7 64. h6
Rf1+ 65. Kg6 Rg1+ 66. Kh5 Rg8 67. h7 1-0

[Event "1. liga V 24/25, Duras-Hostalkova"]
[Site ""]
[Date "2025.01.05"]
[Round "5.5"]
[White "Zpevak, Pavel"]
[Black "Gnida, Patrik"]
[Result "1/2-1/2"]
[WhiteFideId "300586"]
[BlackFideId "351660"]
[WhiteElo "2277"]
[BlackElo "2227"]
[PlyCount "0"]
[WhiteTeam "Duras Charlie's Street Brno"]
[BlackTeam "Sachy Hostalkova"]
[EventDate "2024.10.20"]

1. d4 d5 2. c4 dxc4 3. Nf3 Nf6 4. e3 b5 5. a4 b4 6. Bxc4 e6 7. Nbd2 Bb7 8. O-O
Nbd7 9. Qe2 c5 10. dxc5 Bxc5 11. b3 O-O 12. Bb2 Qe7 13. Rac1 Rfd8 14. Rfd1 Bb6
15. Ne5 Nxe5 16. Bxe5 Nd7 17. Bg3 Nc5 18. Qh5 Bd5 19. Rb1 Rac8 1/2-1/2

[Event "1. liga V 24/25, Duras-Hostalkova"]
[Site ""]
[Date "2025.01.05"]
[Round "5.6"]
[White "Bohacek, Jan Andrej"]
[Black "Chytilek, Roman"]
[Result "0-1"]
[WhiteFideId "23727357"]
[BlackFideId "304980"]
[WhiteElo "2117"]
[BlackElo "2303"]
[PlyCount "0"]
[WhiteTeam "Sachy Hostalkova"]
[BlackTeam "Duras Charlie's Street Brno"]
[EventDate "2024.10.20"]

1. e4 c6 2. Nf3 g6 3. d4 Bg7 4. Nc3 d6 5. a4 Nf6 6. Be2 O-O 7. O-O a5 8. h3 Na6
9. Be3 Nb4 10. Qd2 e5 11. Rad1 Qe7 12. Rfe1 Re8 13. Bf1 Qf8 14. g3 Nd7 15. Bg2
f5 16. dxe5 dxe5 17. Nh4 f4 18. gxf4 exf4 19. Bxf4 Ne5 20. Ne2 Nc4 21. Qc1 Bxb2
22. Qb1 Qg7 23. c3 g5 24. Bc1 gxh4 25. cxb4 Bxh3 26. Ng3 Bxg2 27. Nf5 Qg6 28.
Nxh4 Bxe4+ 29. Nxg6 Bxb1 30. Ne7+ Kf7 31. Bxb2 Rxe7 32. Rxe7+ Kxe7 33. Rxb1
axb4 0-1

[Event "1. liga V 24/25, Duras-Hostalkova"]
[Site ""]
[Date "2025.01.05"]
[Round "5.7"]
[White "Jires, Jiri"]
[Black "Machycek, Lubomir"]
[Result "1-0"]
[WhiteFideId "365718"]
[BlackFideId "311049"]
[WhiteElo "2150"]
[BlackElo "2184"]
[PlyCount "0"]
[WhiteTeam "Duras Charlie's Street Brno"]
[BlackTeam "Sachy Hostalkova"]
[EventDate "2024.10.20"]

1. e4 c5 2. Nf3 d6 3. d4 cxd4 4. Nxd4 Nf6 5. Nc3 a6 6. f4 Nc6 7. Nxc6 bxc6 8.
e5 Nd7 9. exd6 exd6 10. Be2 Be7 11. Be3 Rb8 12. Rb1 O-O 13. O-O d5 14. Qd2 Bf6
15. Ba7 Ra8 16. Bf2 Re8 17. Rfe1 a5 18. Bf3 Bb7 19. Na4 Rxe1+ 20. Rxe1 Ba6 21.
Bg4 Bb5 22. Bxd7 1-0

[Event "1. liga V 24/25, Duras-Hostalkova"]
[Site ""]
[Date "2025.01.05"]
[Round "5.8"]
[White "Krejca, Jakub"]
[Black "Glozar, Petr"]
[Result "0-1"]
[WhiteFideId "365777"]
[BlackFideId "374504"]
[WhiteElo "2100"]
[BlackElo "2155"]
[PlyCount "0"]
[WhiteTeam "Sachy Hostalkova"]
[BlackTeam "Duras Charlie's Street Brno"]
[EventDate "2024.10.20"]

1. e4 c5 2. Nf3 g6 3. d4 cxd4 4. Nxd4 Nc6 5. Be3 Nf6 6. Nc3 Bg7 7. Nxc6 bxc6 8.
e5 Ng8 9. Qd4 Qa5 10. Bf4 Rb8 11. O-O-O Rb4 12. Bc4 d5 13. Nxd5 cxd5 14. Bd2
Rxc4 15. Bxa5 Rxd4 16. Rxd4 Bxe5 17. Rxd5 Bd6 18. Bc3 f6 19. Re1 Kf7 20. Bd2 h5
21. c4 Bb7 22. Ra5 a6 23. c5 Bxh2 24. f3 Nh6 25. c6 Bxc6 26. Rxa6 Rc8 27. Ra7
Nf5 28. Bc3 Bf4+ 29. Kb1 Be3 30. Ra5 Bf2 31. Rd1 Ne3 32. Rd2 Be1 33. Re2 Bxc3
34. bxc3 Nd5 35. Kb2 Rb8+ 36. Kc2 Nf4 37. Rd2 h4 38. Ra6 Bb5 39. Ra7 Bf1 40.
Rf2 Bxg2 41. Ra4 h3 42. Rxf4 h2 43. Rh4 h1=Q 44. Rxh1 Bxh1 45. Kd3 Rc8 46. a4
Ra8 47. c4 Rxa4 48. c5 Ra3+ 49. Kc4 Bxf3 50. Rc2 Bc6 51. Kb4 Ra4+ 52. Kc3 g5
53. Rb2 g4 54. Kd3 g3 55. Ke3 g2 56. Rb1 Rh4 57. Rg1 Rh1 58. Kf2 e5 0-1

[Event "1. liga V 24/25, Morenda-Grygov"]
[Site ""]
[Date "2025.01.05"]
[Round "5.1"]
[White "Polak, Tomas"]
[Black "Biolek, Richard"]
[Result "1/2-1/2"]
[WhiteFideId "300560"]
[BlackFideId "319996"]
[WhiteElo "2469"]
[BlackElo "2415"]
[PlyCount "0"]
[WhiteTeam "Moravska Slavia Brno B"]
[BlackTeam "A64 PROCLIENT Grygov"]
[EventDate "2024.10.20"]

1. d4 Nf6 2. Nf3 g6 3. Bg5 Bg7 4. Nbd2 d5 5. c3 O-O 6. e3 b6 7. Be2 Nbd7 8. O-O
Bb7 9. a4 c5 10. b4 Ne4 11. Nxe4 dxe4 12. Nd2 h6 13. Bh4 cxb4 14. cxb4 g5 15.
Bg3 e5 16. Nc4 Qe7 17. dxe5 Nxe5 18. Qd6 Ng6 19. Rac1 Qxd6 20. Nxd6 Bd5 21. Nf5
Rfc8 22. Bc7 Bb2 23. Rc2 Be5 24. Rfc1 Be6 25. Bxe5 Rxc2 26. Rxc2 Nxe5 27. Nd4
Rc8 28. Rxc8+ Bxc8 29. a5 bxa5 30. bxa5 Kf8 31. f4 exf3 32. gxf3 Bd7 33. Kf2
Ke7 34. Kg3 Nc6 35. Nxc6+ Bxc6 36. Kg4 Kf6 37. f4 Be4 38. Kh5 gxf4 39. exf4 Kg7
40. Kg4 Kf6 41. Kh5 1/2-1/2

[Event "1. liga V 24/25, Morenda-Grygov"]
[Site ""]
[Date "2025.01.05"]
[Round "5.2"]
[White "Biolek, Richard"]
[Black "Zeman, Matyas"]
[Result "1/2-1/2"]
[WhiteFideId "300756"]
[BlackFideId "364398"]
[WhiteElo "2339"]
[BlackElo "2317"]
[PlyCount "0"]
[WhiteTeam "A64 PROCLIENT Grygov"]
[BlackTeam "Moravska Slavia Brno B"]
[EventDate "2024.10.20"]

1. e4 c5 2. Nf3 Nc6 3. c3 Nf6 4. e5 Nd5 5. d4 cxd4 6. Bc4 Nb6 7. Bb3 d5 8. exd6
Qxd6 9. O-O Be6 10. Bxe6 Qxe6 11. Nxd4 Nxd4 12. Qxd4 Rd8 13. Qh4 Qc4 14. Qxc4
Nxc4 1/2-1/2

[Event "1. liga V 24/25, Morenda-Grygov"]
[Site ""]
[Date "2025.01.05"]
[Round "5.3"]
[White "Roubalik, Jakub"]
[Black "Zurek, Milan"]
[Result "1/2-1/2"]
[WhiteFideId "322237"]
[BlackFideId "300241"]
[WhiteElo "2319"]
[BlackElo "2316"]
[PlyCount "0"]
[WhiteTeam "Moravska Slavia Brno B"]
[BlackTeam "A64 PROCLIENT Grygov"]
[EventDate "2024.10.20"]

1. d4 d5 2. c4 dxc4 3. e4 b5 4. a4 c6 5. Nc3 b4 6. Na2 Nf6 7. e5 Nd5 8. Bxc4
Bf5 9. Nf3 e6 10. Bg5 Qb6 11. Nc1 a5 12. O-O h6 13. Bh4 g5 14. Bg3 Be7 15. Nb3
Nd7 16. Bd3 Nf8 17. Rc1 Rc8 18. Qc2 Bxd3 19. Qxd3 Ng6 20. Nfd2 O-O 21. Ne4 Rfd8
22. Rfd1 Kg7 23. Qc4 Qa7 24. Nbc5 Nb6 25. Qe2 Rd5 26. Qf3 Bxc5 27. dxc5 Rxd1+
28. Rxd1 Nd5 29. b3 Qe7 30. Qd3 Ra8 31. h3 h5 32. Qc4 h4 33. Bh2 Rd8 34. Nd6
Qd7 35. Rd3 Rf8 36. Rf3 Qe7 37. Qa6 Ndf4 38. Bxf4 gxf4 39. Qxa5 Rb8 40. Nc4 Rd8
41. Qxb4 Rd1+ 42. Kh2 Qg5 43. Qc3 Ne7 44. Qc2 Ra1 45. Qe4 Nd5 46. a5 Kg8 47.
Qd4 Ra2 48. Qd3 Ra1 49. a6 Kg7 50. Qd4 Ra2 51. a7 Rxa7 52. Nb6 Re7 53. Nxd5
exd5 54. Rxf4 Qxe5 55. b4 Qxd4 56. Rxd4 Re2 57. Rxh4 Rxf2 58. Kg3 Rb2 59. Rf4
Kg6 60. Kf3 f5 61. h4 Rb3+ 62. Kf2 Rb2+ 63. Kg1 Rb1+ 64. Kh2 Rb2 65. Kh3 Rb3+
66. Kh2 Rb2 67. Kh3 Rb3+ 68. g3 Kf6 69. h5 Kg5 70. Rh4 Kh6 71. Rf4 Kg5 72. h6
Kxh6 73. Rxf5 Rxb4 74. Rf6+ Kg5 75. Rxc6 Rc4 76. Rc8 d4 77. Kg2 Kf5 78. c6 Ke6
79. Kf3 Kd6 80. Ke4 d3+ 81. Kxd3 Rg4 82. Kc3 Rxg3+ 83. Kb4 Rg5 1/2-1/2

[Event "1. liga V 24/25, Morenda-Grygov"]
[Site ""]
[Date "2025.01.05"]
[Round "5.4"]
[White "Obsivac, Josef"]
[Black "Pisk, Petr"]
[Result "1/2-1/2"]
[WhiteFideId "303690"]
[BlackFideId "304689"]
[WhiteElo "2266"]
[BlackElo "2302"]
[PlyCount "0"]
[WhiteTeam "A64 PROCLIENT Grygov"]
[BlackTeam "Moravska Slavia Brno B"]
[EventDate "2024.10.20"]

1. d4 Nf6 2. c4 e6 3. Nf3 Bb4+ 4. Bd2 a5 5. g3 d5 6. Qc2 Nc6 7. Nc3 dxc4 8. e3
Bxc3 9. bxc3 Qd5 10. Bg2 e5 11. Nh4 Qd6 12. O-O O-O 13. Rad1 Re8 14. d5 Ne7 15.
e4 Ng6 16. Nxg6 hxg6 17. Qa4 Bd7 18. Qxc4 c6 19. Qb3 b5 20. c4 bxc4 21. Qxc4
cxd5 22. exd5 Rec8 23. Qb3 Rcb8 24. Qe3 Ba4 25. Rc1 Nd7 26. Qc3 Bb5 27. Rfe1
Re8 28. Qc7 Qa3 29. Qc3 Qd6 30. Qc7 Qa3 31. Qc3 1/2-1/2

[Event "1. liga V 24/25, Morenda-Grygov"]
[Site ""]
[Date "2025.01.05"]
[Round "5.5"]
[White "Holemar, David"]
[Black "Vaculik, Jakub"]
[Result "0-1"]
[WhiteFideId "307009"]
[BlackFideId "344109"]
[WhiteElo "2165"]
[BlackElo "2281"]
[PlyCount "0"]
[WhiteTeam "Moravska Slavia Brno B"]
[BlackTeam "A64 PROCLIENT Grygov"]
[EventDate "2024.10.20"]

1. d4 Nf6 2. Nf3 c5 3. d5 b5 4. Bg5 d6 5. a4 b4 6. Nbd2 Nxd5 7. e4 Nc7 8. Bc4
Be6 9. Qe2 h6 10. Be3 Nd7 11. Rd1 g5 12. O-O Bg7 13. b3 Bg4 14. h3 Bh5 15. g4
Bg6 16. Rfe1 Bc3 17. Nf1 Bxe1 18. Rxe1 Nb6 19. Ng3 Qc8 20. Nd2 Nxc4 21. Nxc4
Ne6 22. Nf5 Kf8 23. Qf3 Rb8 24. Rd1 Qb7 25. Na5 Qa8 26. Nc4 Rd8 27. Rd3 h5 28.
Kf1 hxg4 29. hxg4 Rh4 30. Nd2 Bxf5 31. Qxf5 Qc8 32. Nf3 Rh8 33. Nxg5 Nxg5 34.
Qxg5 Qe6 35. Bxc5 Rh1+ 36. Kg2 Qxe4+ 37. f3 Qe1 38. Bf2 0-1

[Event "1. liga V 24/25, Morenda-Grygov"]
[Site ""]
[Date "2025.01.05"]
[Round "5.6"]
[White "Vanek, Ladislav"]
[Black "Lintner, Igor"]
[Result "1-0"]
[WhiteFideId "324647"]
[BlackFideId "14932970"]
[WhiteElo "2183"]
[BlackElo "2172"]
[PlyCount "0"]
[WhiteTeam "A64 PROCLIENT Grygov"]
[BlackTeam "Moravska Slavia Brno B"]
[EventDate "2024.10.20"]

1. d4 Nf6 2. Nc3 d5 3. Bf4 c6 4. e3 Bf5 5. Nf3 Nbd7 6. Ne5 Nxe5 7. Bxe5 e6 8.
f3 Bd6 9. g4 Bg6 10. h4 h5 11. Bxd6 Qxd6 12. g5 Ng8 13. Qe2 Qg3+ 14. Kd2 Qd6
15. Rd1 Ne7 16. Qh2 O-O-O 17. Qxd6 Rxd6 18. Ne2 b6 19. Nf4 Kb7 20. c3 c5 21.
Nd3 Bxd3 22. Bxd3 c4 23. Bc2 g6 24. e4 b5 25. a4 a6 26. axb5 axb5 27. Ra1 Ra6
28. Rxa6 Kxa6 29. Ra1+ Kb6 30. Ke3 Re8 31. b3 Nc6 32. bxc4 bxc4 33. Kf4 e5+ 34.
dxe5 dxe4 35. Bxe4 Nxe5 36. Rd1 Re6 37. Rd4 Nd3+ 38. Bxd3 cxd3 39. Rxd3 Kc5 40.
Rd7 f6 41. Rg7 fxg5+ 42. Kxg5 Re3 43. Rf7 Kd6 44. Kxg6 Ke6 45. c4 1-0

[Event "1. liga V 24/25, Morenda-Grygov"]
[Site ""]
[Date "2025.01.05"]
[Round "5.7"]
[White "Bures, Vit"]
[Black "Sabol, Marian"]
[Result "1-0"]
[WhiteFideId "309052"]
[BlackFideId "308056"]
[WhiteElo "2177"]
[BlackElo "2228"]
[PlyCount "0"]
[WhiteTeam "Moravska Slavia Brno B"]
[BlackTeam "A64 PROCLIENT Grygov"]
[EventDate "2024.10.20"]

1. d4 Nf6 2. c4 c5 3. d5 b5 4. cxb5 a6 5. bxa6 g6 6. Nc3 d6 7. e4 Bg7 8. Nf3
O-O 9. Be2 Bxa6 10. O-O Qb6 11. Rb1 Nbd7 12. Bg5 h6 13. Bd2 Ng4 14. b3 Rfc8 15.
a4 Bxe2 16. Qxe2 Qa6 17. Nb5 Ngf6 18. Rfc1 c4 19. Rxc4 Rxc4 20. Qxc4 Rc8 21.
Qe2 Nc5 22. e5 Nxd5 23. exd6 exd6 24. h3 Nc7 25. Nfd4 Re8 26. Qf3 Nxb5 27. Nxb5
Ne6 28. Qd5 Rd8 29. Be3 Qa5 30. Rc1 Qb4 31. Bd2 Qh4 32. Rc4 Qe7 33. b4 Nf8 34.
Be3 Nd7 35. Qxd6 Qxd6 36. Nxd6 Ne5 37. Rc8 Rxc8 38. Nxc8 1-0

[Event "1. liga V 24/25, Morenda-Grygov"]
[Site ""]
[Date "2025.01.05"]
[Round "5.8"]
[White "Soban, Jaroslav"]
[Black "Vechet, Stanislav"]
[Result "1/2-1/2"]
[WhiteFideId "316814"]
[BlackFideId "302473"]
[WhiteElo "2139"]
[BlackElo "2140"]
[PlyCount "0"]
[WhiteTeam "A64 PROCLIENT Grygov"]
[BlackTeam "Moravska Slavia Brno B"]
[EventDate "2024.10.20"]

1. c4 e5 2. g3 Nc6 3. Bg2 g6 4. Nc3 Bg7 5. d3 d6 6. e4 Nd4 7. Nce2 Bg4 8. f3
Nxe2 9. Nxe2 Be6 10. O-O Ne7 11. Bg5 f6 12. Be3 O-O 13. Qd2 c6 14. f4 a5 15. b3
a4 16. d4 axb3 17. axb3 Rxa1 18. Rxa1 Qc7 19. fxe5 fxe5 20. d5 Bg4 21. Nc3 Nc8
22. h3 Bd7 23. b4 h5 24. Rf1 Rxf1+ 25. Bxf1 Be8 26. c5 Bf8 27. Bc4 Kh7 28. Qf2
Qg7 29. h4 Be7 30. Qd2 Qf8 31. Qf2 Bd7 32. Qxf8 Bxf8 33. Kf2 Be7 34. Ke2 Kg7
35. Kd3 Bh3 36. Ke2 Bd7 37. Kd2 Bd8 38. dxc6 bxc6 39. Ba6 dxc5 40. bxc5 Ba5 41.
Kd3 Ne7 42. Bd2 Kf7 1/2-1/2

[Event "1. liga V 24/25, Trinec-Orlova"]
[Site ""]
[Date "2025.01.05"]
[Round "5.1"]
[White "Langner, Ladislav"]
[Black "Tomaszewski, Kacper"]
[Result "1-0"]
[WhiteFideId "300403"]
[BlackFideId "1127373"]
[WhiteElo "2364"]
[BlackElo "2351"]
[PlyCount "0"]
[WhiteTeam "TJ TZ Trinec"]
[BlackTeam "SK Slavia Orlova"]
[EventDate "2024.10.20"]

1. e4 c6 2. d4 d5 3. exd5 cxd5 4. Bd3 Nc6 5. c3 Qc7 6. h3 e6 7.
Nf3 Bd6 8. Nbd2 Nge7 9. O-O O-O 10. Re1 Bd7 11. b3 b6 12. Bb2 Ng6 13. Rc1 Rac8
14. c4 Qb8 15. Bf1 Rfe8 16. Qe2 dxc4 17. bxc4 e5 18. d5 Na5 19. Ng5 h6 20.
Nxf7 Nf4 21. Qf3 Kxf7 22. g3 Kg8 23. gxf4 Rf8 24. Bxe5 Bxe5 25. Rxe5 Rf7 26.
Rce1 Rcf8 27. Qg3 Nb7 28. Bd3 Bf5 29. Rxf5 Rxf5 30. Bxf5 Rxf5 31. Re7 Rf7 32.
Rxf7 Kxf7 33. Qg4 Qd6 34. Ne4 Qg6 35. f5 Qxg4+ 36. hxg4 Ke7 37. Kg2 Na5 38.
Nd2 Kd6 39. Kf3 b5 40. Ne4+ Ke5 41. cxb5 Kxd5 42. f6 Ke6 43. fxg7 Kf7 44. Nd6+
1-0

[Event "1. liga V 24/25, Trinec-Orlova"]
[Site ""]
[Date "2025.01.05"]
[Round "5.2"]
[White "Sramek, Vojtech"]
[Black "Szotkowski, Jakub"]
[Result "1/2-1/2"]
[WhiteFideId "358681"]
[BlackFideId "330590"]
[WhiteElo "2245"]
[BlackElo "2298"]
[PlyCount "0"]
[WhiteTeam "SK Slavia Orlova"]
[BlackTeam "TJ TZ Trinec"]
[EventDate "2024.10.20"]

1. e4 c6 2. d4 d5 3. exd5 cxd5 4. c4 Nf6 5. Nc3 Nc6 6. Nf3 Bg4 7. cxd5 Nxd5 8.
Qb3 Bxf3 9. gxf3 e6 10. Qxb7 Nxd4 11. Bb5+ Nxb5 12. Qc6+ Ke7 13. Qc5+ Qd6 14.
Nxd5+ exd5 15. Qxb5 Rb8 16. Qd3 Rb7 17. Be3 Qb4+ 18. Bd2 Qb5 19. Qd4 f6 20.
Rc1 Kf7 21. a4 Qd7 22. O-O h5 23. b4 h4 24. b5 Qf5 25. Qg4 Qxg4+ 26. fxg4 Bd6
27. Be3 Be5 28. Rfd1 Rd8 29. f4 Bb8 30. Rd4 Bc7 31. Rd3 Bb6 32. Bxb6 axb6 33.
Rcd1 Ra7 34. Rd4 Rda8 35. Rxd5 Rxa4 36. Rd7+ Kg6 37. f5+ Kh6 38. h3 Rb4 39.
g5+ Kxg5 40. Rxg7+ Kxf5 41. Rf1+ Ke6 42. Re1+ Kd6 43. Rf1 Rf8 44. Rf5 Ke6 45.
Rh5 Rb2 46. Rg2 Rb4 47. Rc2 Rd4 48. Kf2 Rd5 49. Rxh4 Rxb5 50. Rf4 f5 51. h4
Ke5 52. Rfc4 Kd5 53. h5 1/2-1/2

[Event "1. liga V 24/25, Trinec-Orlova"]
[Site ""]
[Date "2025.01.05"]
[Round "5.3"]
[White "Zvarik, Martin"]
[Black "Mrazek, Lumir"]
[Result "1-0"]
[WhiteFideId "14908565"]
[BlackFideId "332127"]
[WhiteElo "2166"]
[BlackElo "2323"]
[PlyCount "0"]
[WhiteTeam "TJ TZ Trinec"]
[BlackTeam "SK Slavia Orlova"]
[EventDate "2024.10.20"]

1. e4 c5 2. Nf3 Nc6 3. d4 cxd4 4. Nxd4 e5 5. Nb5
a6 6. Nd6+ Bxd6 7. Qxd6 Qf6 8. Qd3 Qg6 9. f3 d5 10. Nc3 Nge7 11. Nxd5 Nxd5 12.
Qxd5 f5 13. Be3 fxe4 14. Bc4 Bd7 15. O-O-O O-O-O 16. Bb6 Bf5 17. Bxd8 Rxd8 18.
Qc5 exf3 19. gxf3 Bxc2 20. Rxd8+ Kxd8 21. Rg1 Qf5 22. Bd5 Nd4 23. Qd6+ Kc8 24.
Bxb7+ 1-0

[Event "1. liga V 24/25, Trinec-Orlova"]
[Site ""]
[Date "2025.01.05"]
[Round "5.4"]
[White "Radzimski, Antoni"]
[Black "Tymrakiewicz, Rafal"]
[Result "0-1"]
[WhiteFideId "21052476"]
[BlackFideId "1108832"]
[WhiteElo "2289"]
[BlackElo "2171"]
[PlyCount "0"]
[WhiteTeam "SK Slavia Orlova"]
[BlackTeam "TJ TZ Trinec"]
[EventDate "2024.10.20"]

1. e4 e6 2. d3 d5 3. Nd2 c5 4. Ngf3 Nc6 5. g3 d4 6. Bg2 e5 7. O-O Bg4 8. a3
Qd7 9. Qe1 Bd6 10. Nh4 Nge7 11. f4 f6 12. f5 Bh5 13. h3 O-O-O 14. b4 cxb4 15.
Nc4 Bf7 16. Nxd6+ Qxd6 17. axb4 Nxb4 18. Ba3 Nec6 19. Qe2 Kd7 20. Bxb4 Nxb4
21. Rxa7 Qb6 22. Raa1 Ra8 23. Qd2 Qc5 24. Rab1 Ra4 25. g4 h6 26. Nf3 Rc8 27.
Rfc1 b5 28. h4 Na2 29. Re1 b4 30. Rb2 Qc3 31. Reb1 Ra3 32. Qf2 Qc5 33. g5 Rc3
34. gxf6 gxf6 35. Ne1 Qf8 36. Qd2 R3c7 37. Ra1 Ra8 38. Kh2 Rca7 39. Bf3 Ra6
40. Ng2 Qg7 41. Raxa2 Rxa2 42. Rxb4 Rg8 43. Qf2 Rc8 44. Ne1 Qf8 45. Qd2 Rc6
46. Rb5 Qc8 47. Bd1 Ra1 48. Bf3 Qf8 49. Ng2 Ra2 50. Ne1 Kc7 51. Qc1 Rb6 52.
Rxb6 Kxb6 53. Kh3 Kc7 54. c3 Qc5 55. Qxh6 dxc3 56. Qxf6 Bb3 57. Qg7+ Kb6 58.
Qg6+ Ka5 59. d4 Qxd4 60. Qc6 Qe3 61. Qc7+ Ka4 62. Qd6 Bc4 63. Qd1+ Kb5 64.
Qd7+ Kc5 65. Qc7+ Kb4 66. Qd6+ Qc5 67. Qb8+ Ka3 68. Qb1 Qf2 69. Qc1+ Kb4 70.
Kg4 Qd2 71. Qb1+ Rb2 0-1

[Event "1. liga V 24/25, Trinec-Orlova"]
[Site ""]
[Date "2025.01.05"]
[Round "5.5"]
[White "Frolik, Martin"]
[Black "Lojek, Marek"]
[Result "0-1"]
[WhiteFideId "304123"]
[BlackFideId "358649"]
[WhiteElo "2108"]
[BlackElo "2103"]
[PlyCount "0"]
[WhiteTeam "TJ TZ Trinec"]
[BlackTeam "SK Slavia Orlova"]
[EventDate "2024.10.20"]

1. d4 Nf6 2. c4 c5 3. d5 b5 4. cxb5 a6 5. bxa6 g6 6. Nc3 Bxa6 7. g3 d6
8. Bg2 Bg7 9. Nf3 O-O 10. O-O Nbd7 11. h3 Nb6 12. Re1 Ra7 13. Nh2 Qa8 14. e4
Ne8 15. f4 Nc7 16. g4 Nb5 17. Nxb5 Bxb5 18. e5 Rxa2 19. Rxa2 Qxa2 20. b3 Ba6
21. Nf1 Bb7 22. exd6 exd6 23. Ne3 Bd4 24. Kh1 Qa8 25. Kh2 Nxd5 26. Nxd5 Bxd5
27. Bxd5 Qxd5 28. Bb2 Ra8 29. Qd3 Bg1+ 0-1

[Event "1. liga V 24/25, Trinec-Orlova"]
[Site ""]
[Date "2025.01.05"]
[Round "5.7"]
[White "Sikorova, Olga"]
[Black "Horvath, Tomas"]
[Result "1/2-1/2"]
[WhiteFideId "307033"]
[BlackFideId "358630"]
[WhiteElo "2145"]
[BlackElo "2066"]
[PlyCount "0"]
[WhiteTeam "TJ TZ Trinec"]
[BlackTeam "SK Slavia Orlova"]
[EventDate "2024.10.20"]

1. c4 Nf6 2. g3 d5
3. Bg2 e6 4. Nf3 Be7 5. O-O O-O 6. b3 d4 7. e3 c5 8. exd4 cxd4 9. Re1 Nc6 10.
Ne5 Nxe5 11. Rxe5 Bd6 12. Re1 e5 13. d3 Bg4 14. Qc2 Qc7 15. a3 a5 16. Nd2 Rab8
17. Nf3 Rfe8 18. Bg5 Nd7 19. Bd2 b5 20. h3 Bf5 21. g4 Bg6 22. Nh4 bxc4 23.
bxc4 Nc5 24. Nxg6 hxg6 25. Rab1 f5 26. Bd5+ Kh7 27. gxf5 gxf5 28. Qd1 g6 29.
Qf3 Be7 30. Rb5 Nb3 31. Qe2 Nxd2 32. Qxd2 Bxa3 33. Qxa5 Qxa5 34. Rxa5 Bb4 35.
Ra7+ Kh6 36. Re2 Kg5 37. Bf7 Re7 38. Rxe7 Bxe7 39. Bd5 Kf4 40. Rc2 Bc5 41. Bf7
g5 42. Ra2 e4 43. dxe4 fxe4 44. Ra5 e3 45. Bh5 Rb1+ 46. Kg2 d3 47. fxe3+ Bxe3
48. Rd5 Rb2+ 49. Kf1 Rf2+ 50. Ke1 d2+ 51. Kd1 Rf1+ 52. Kc2 Rc1+ 53. Kb3 Rb1+
1/2-1/2

[Event "1. liga V 24/25, Trinec-Orlova"]
[Site ""]
[Date "2025.01.05"]
[Round "5.8"]
[White "Novak, Jiri"]
[Black "Pilch, Roman"]
[Result "0-1"]
[WhiteFideId "312088"]
[BlackFideId "337870"]
[WhiteElo "1825"]
[BlackElo "2169"]
[PlyCount "0"]
[WhiteTeam "SK Slavia Orlova"]
[BlackTeam "TJ TZ Trinec"]
[EventDate "2024.10.20"]

1. e4 c5 2. c3 Nf6 3. d3 Nc6 4. Nf3 d6 5. Be2 g6 6.
O-O Bg7 7. Bd2 O-O 8. Qc1 Re8 9. Bh6 Kh8 10. h3 Bd7 11. c4 a6 12. Nc3 Rb8 13.
a4 Qa5 14. Bd2 Rec8 15. Nd5 Qd8 16. Bc3 e6 17. Nxf6 Bxf6 18. b3 Kg7 19. Qb2
Bxc3 20. Qxc3+ Qf6 21. Rfc1 Qxc3 22. Rxc3 f5 23. Rd1 e5 24. Rd2 f4 25. Nh2 h5
26. h4 b5 27. axb5 axb5 28. Ra2 Ra8 29. Rxa8 Rxa8 30. Rc1 Ra2 31. cxb5 Nd4 32.
Bf1 Bxb5 33. Nf3 Nxf3+ 34. gxf3 Rb2 35. Rc3 Bd7 36. b4 Rxb4 37. Rc1 Rb3 38.
Kg2 Bb5 39. Ra1 Bxd3 40. Rd1 c4 41. Rc1 Kf6 42. Ra1 Bxf1+ 43. Rxf1 Rb6 44. Rc1
Rc6 45. Rc3 g5 46. Kh3 Rc5 47. hxg5+ Kxg5 48. Kh2 Kf6 49. Kh3 Ke6 50. Kh4 d5
51. Kg5 d4 52. Ra3 c3 53. Ra6+ Kd7 54. Ra7+ Kc6 0-1

[Event "1. liga V 24/25, Jundrov-Poruba"]
[Site ""]
[Date "2025.01.05"]
[Round "5.1"]
[White "Zwardon, Vojtech"]
[Black "Klekowski, Maciej"]
[Result "0-1"]
[WhiteFideId "325511"]
[BlackFideId "1132717"]
[WhiteElo "2428"]
[BlackElo "2463"]
[PlyCount "0"]
[WhiteTeam "Jezdci Jundrov"]
[BlackTeam "SK Slavoj Poruba B"]
[EventDate "2024.10.20"]

1. c4 e6 2. Nf3
Nf6 3. b3 d5 4. Bb2 Bd6 5. g3 c6 6. Bg2 Nbd7 7. O-O O-O 8. d3 Qe7 9. Nbd2 e5
10. cxd5 cxd5 11. e4 d4 12. Nc4 Bc5 13. Rc1 a5 14. h3 Ra6 15. a4 Bb4 $11 16.
Nh4 Nb6 17. Nf5 Bxf5 18. exf5 Nxc4 19. Rxc4 Qd7 20. Qf3 Rb6 21. Rb1 Re8 22. g4
Bd2 23. Bc1 Bc3 24. g5 e4 25. Qg3 Nh5 26. Qg4 exd3 27. Bd2 Bxd2 28. Rxd4 Rd6
29. Rxd6 Qxd6 30. Qxh5 g6 31. fxg6 hxg6 32. Qg4 Bb4 33. Rd1 d2 34. Bf3 Qd3 35.
Kg2 Re1 36. Qc8+ Kg7 37. Qc4 Qxc4 38. bxc4 f6 39. gxf6+ Kxf6 40. Kg3 Kf5 41. h4
Bd6+ 42. Kg2 Bf4 43. Kh3 Bh6 44. Kg3 b6 45. Kh3 Kf4 0-1

[Event "1. liga V 24/25, Jundrov-Poruba"]
[Site ""]
[Date "2025.01.05"]
[Round "5.2"]
[White "Niedbala, Bartlomiej"]
[Black "Fiala, Vaclav"]
[Result "1/2-1/2"]
[WhiteFideId "21834008"]
[BlackFideId "331503"]
[WhiteElo "2387"]
[BlackElo "2215"]
[PlyCount "0"]
[WhiteTeam "SK Slavoj Poruba B"]
[BlackTeam "Jezdci Jundrov"]
[EventDate "2024.10.20"]

1. e4 c6 2. d4 d5 3.
e5 c5 4. Nf3 cxd4 5. Nxd4 e6 6. Nd2 Nc6 7. Nxc6 bxc6 8. Bd3 Ne7 9. O-O a5 10.
Qe2 Ng6 11. Nf3 Be7 12. Re1 O-O 13. c3 c5 14. g3 Qb6 15. h4 Re8 16. h5 Nf8 17.
h6 g6 18. Bg5 Ba6 19. Bxe7 Bxd3 20. Qxd3 Rxe7 21. Nh2 Ree8 22. Ng4 Nd7 23. b3
Rec8 24. Qf3 Qd8 25. Qf4 c4 26. Re3 Rab8 27. Rf3 Qe7 28. Rb1 Nc5 29. Nf6+ Kh8
30. Kg2 $11 cxb3 31. axb3 Rxb3 32. Rxb3 Nxb3 33. Nd7 Kg8 1/2-1/2

[Event "1. liga V 24/25, Jundrov-Poruba"]
[Site ""]
[Date "2025.01.05"]
[Round "5.4"]
[White "Walter, Szymon"]
[Black "Blatny, Pavel"]
[Result "1-0"]
[WhiteFideId "1172590"]
[BlackFideId "300047"]
[WhiteElo "2315"]
[BlackElo "2312"]
[PlyCount "0"]
[WhiteTeam "SK Slavoj Poruba B"]
[BlackTeam "Jezdci Jundrov"]
[EventDate "2024.10.20"]

1. e4 c6 2. Nf3 g6 3. d4 d5 4. e5 a5 5. Bd3 Na6 6. c3 Nc7 7. O-O b6 8. Re1 e6
9. Nbd2 Ba6 10. Bc2 Qd7 11. Nf1 Ne7 12. Bg5 h6 13. Bf6 Rg8 14. Ne3 O-O-O 15. a3
Kb7 16. Qd2 Ra8 17. Ng4 h5 18. Nh6 Bxh6 19. Qxh6 Nf5 20. Qd2 Ne8 21. Bg5 Neg7
22. h3 Raf8 23. a4 Ka7 24. b4 Qc7 25. Rab1 Rb8 26. Qf4 Ne8 27. Nd2 Bc8 28. bxa5
bxa5 29. Nb3 Rf8 30. Qd2 Ba6 31. Nc5 Neg7 32. Bd3 Bc4 33. Bxc4 dxc4 34. Qe2
Rxb1 35. Rxb1 Rb8 36. Rxb8 Qxb8 37. Qxc4 Qb1+ 38. Kh2 Kb8 39. Qa6 Ne8 40. Bd8
1-0